000 00471nam a2200181Ia 4500
005 20250326142623.0
008 250326s9999 xx 000 0 und d
037 _aTextbook
040 _aFMSL
_beng
_cFMSL
041 _aeng
_2eng
084 _qFMSL
100 _aSimpson Alan
245 0 _aUnderstanding dbase 111 Plus
_cSimpson Alan
260 _aNew Delhi
_bNew Delhi, B P B Publications
_c1986
300 _a438p
942 _cTB
999 _c1295865
_d1295865